1830 1023 1917 1325 1564 1051 1773 1933 1999 1542 1646 1752 1561 1467 1698 1753 1384 1279 1820 1644 1016 1019 1213 1411 1088 1035 1665 1151 1893 1143 1064 1118 1674 1750 1001 1877 1088 1807 1848 1515 1170 1670 1338 1061 1439 1821 1102 1952 1336 1268 1094 1354 1041 1486 1379 1826 1551 1385 1316 1119 1652 1258 1879 1529 1912 1552 1944 1189 1067 1875 1676 1996 1196 1114 1828 1268 1173 1233 1737 1267 1560 1654 1725 1488 1519 1238 1063 1420 1615 1772 1769 1922 1565 1995 1918 1950 1080 1982 1447 BCNSPRNW ULIB Ver.6.0+V

เปลี่ยนเป็นภาษาไทย

Change to English
 แสดงรายละเอียดบรรณานุกรม
  กลับหน้าหลัก

Brief Record : Get Marc (ISO 2709) : E-mail record : QR code < ปิดหน้าต่าง
LEADER : 00000nam 2200000uu 4500
001    13399121823
003     ULIB
008    121211s2553||||th 000 0 tha d
020    ^a9789741112395
060 04 ^aWP100^bส886
245 00 ^aสูตินรีเวชทันยุค =^bOB-GYN in practice 2010 /^cบรรณาธิการ,ประสงค์ ตันมหาสมุทร ... [และคนอื่นๆ]
246 31 ^aOB-GYN in practice 2010
250    ^aพิมพ์ครั้งที่ 1
260    ^aกรุงเทพฯ :^bภาควิชาสูติศาสตร์-นรีเวชวิทยาคณะแพทยศาสตร์ศิริราชพยาบาล มหาวิทยาลัยมหิดล,^c2553
300    ^axxii, 238 หน้า :^bภาพประกอบ ;^c26 ซม.
650  7 ^aนรีเวชวิทยา
650  7 ^aสูติศาสตร์
653    ^aผลงานอาจารย์คณะแพทยศาสตร์ศิริราชพยาบาล
700 0  ^aประสงค์ ตันมหาสมุทร,^eบรรณาธิการ
710 2  ^aมหาวิทยาลัยมหิดล. ^bคณะแพทยศาสตร์ศิริราชพยาบาล.^bภาควิชาสูติศาสตร์-นรีเวชวิทยา
945    ^p300^l0^i16729
945    ^p300^l0^i16728
945    ^p300^l0^i16727
995    ^aทศพร
999    ^aทศพร เกษรทอง
รายการนี้ยังไม่มีแท็ก
คุณยังไม่ได้ล็อกอิน คุณสามารถมีกิจกรรมร่วมกับเว็บไซต์ได้ แต่ต้องล็อกอินก่อน ::
  ล็อกอิน

รายการสื่อสารสนเทศ

ลำดับที่ ประเภท เลขเรียก/บาร์โค้ด สถานที่ สถานะ
1. วิทยาศาสตร์การแพทย์ และสุขภาพ
วิทยาศาสตร์การแพทย์ และสุขภาพ
WP100 ส886 ฉ.1 
  Barcode: 16727
ห้องสมุดวิทยาเขตนครสวรรค์
►ส่วนจัดเก็บหนังสือเก่า นว.
บนชั้น
  ขอยืม
2. วิทยาศาสตร์การแพทย์ และสุขภาพ
วิทยาศาสตร์การแพทย์ และสุขภาพ
WP100 ส886 ฉ.2 
  Barcode: 16728
ห้องสมุดวิทยาเขตนครสวรรค์
►ส่วนจัดเก็บหนังสือเก่า นว.
บนชั้น
  ขอยืม
3. วิทยาศาสตร์การแพทย์ และสุขภาพ
วิทยาศาสตร์การแพทย์ และสุขภาพ
WP100 ส886 ฉ.3 
  Barcode: 16729
ห้องสมุดวิทยาเขตนครสวรรค์
►ส่วนจัดเก็บหนังสือเก่า นว.
บนชั้น
  ขอยืม

รายการใกล้เคียง
    หัวเรื่อง [นรีเวชวิทยา]
    หัวเรื่อง [สูติศาสตร์]

BibComment


ยังไม่เคยถูกคอมเมนท์

คอมเมนท์ทรัพยากรรายการนี้
  คอมเมนท์: สูตินรีเวชทันยุค..


 Copyright 2026. Bcnsprnw @Library